[Event "Osijek-Baranja CupT 10th"]
[Site "Nasice"]
[Date "2017.02.19"]
[Round "5.1"]
[White "Skegro, Zvonimir"]
[Black "Gvozdanovic, Matija"]
[Result "1/2-1/2"]
[WhiteElo "1694"]
[BlackElo "1758"]
[PlyCount "20"]
[EventDate "2017.02.17"]
[EventType "team-swiss"]
[EventRounds "5"]
[EventCountry "CRO"]
[SourceTitle "EXT 2019"]
[Source "ChessBase"]
[SourceDate "2018.10.10"]
[SourceVersion "1"]
[SourceVersionDate "2018.10.10"]
[SourceQuality "1"]

1. e4 e5 2. Nf3 Nc6 3. Bc4 h6 4. Nc3 Nf6 5. d3 Bc5 6. 0-0 d6 7. Na4 Bb6 8. Nxb6 axb6 9. a3 0-0 10. Ba2 Bg4 1/2-1/2